| 000 | 00834cam a2200241 a 4500 | ||
|---|---|---|---|
| 001 | 3807475 | ||
| 005 | 20250124094820.0 | ||
| 008 | 851108s1986 paua b 001 0 eng | ||
| 020 |
_a0934232067 : _c$18.95 ($19.95 Can.) |
||
| 020 | _a0934232059 (pbk.) | ||
| 050 | 0 | 0 |
_aRA781.65 _b.S876 1986 |
| 082 | 0 | 0 |
_a613.7/1 _219 |
| 100 | 1 | _aStutman, Fred A. | |
| 245 | 1 | 0 |
_aWalk, don't die : _bhow to stay fit, trim, and healthy without killing yourself / _cby Fred A. Stutman. |
| 250 | _a1st ed. | ||
| 260 |
_aPhiladelphia, PA : _bMedical Manor Books, _c1986. |
||
| 300 |
_axiii, 241 p. : _bill. ; _c22 cm. |
||
| 650 | 0 | _aFitness walking. | |
| 650 | 0 | _aPhysical fitness. | |
| 650 | 0 | _aHealth. | |
| 856 | 4 | 2 |
_3Contributor biographical information _uhttp://www.loc.gov/catdir/enhancements/fy1203/85063360-b.html |
| 942 |
_2lcc _cBK _e1st ed. _n0 |
||
| 999 |
_c2962 _d2962 |
||